000 00684nam a2200229Ia 4500
003 OSt
005 20220923230712.0
006 a|||||r|||| 00| 0
007 ta
008 Pun
024 _a304,861
037 _cTextual
040 _aARTS
_cARTS
_bPun
041 _2Pun
_aPun
082 _aV224y7L50, 153M7
100 _aਅਲੀ, ਬੀ. ਸੇਖ.; ਪੰਨੂ, ਜੀ. ਐਮ., ੳਗ.
_9169135
245 0 _aਟੀਪੂ ਸੁਲਤਾਨ
260 _c1987
650 _aਭਾਰਤੀਯ ਇਤਿਹਾਸ
942 _hV224y7L50, 153M7
_cTEXL
_2CC
999 _c386668
_d386668